<?xml version="1.0" encoding="UTF-8"?>
<collection xmlns:xsi="http://www.w3.org/2001/XMLSchema-instance" xsi:schemaLocation="http://www.loc.gov/MARC21/slim http://www.loc.gov/standards/marcxml/schema/MARC21slim.xsd" xmlns="http://www.loc.gov/MARC21/slim">
 <record>
  <leader>00000cam a22000004i 4500</leader>
  <controlfield tag="001">UP-99796217611543602</controlfield>
  <controlfield tag="003">Buklod</controlfield>
  <controlfield tag="005">20150326102156.0</controlfield>
  <controlfield tag="006">a     r    |||| u|</controlfield>
  <controlfield tag="007">ta</controlfield>
  <controlfield tag="008">150326s2004    xx     d     r    |||| u|</controlfield>
  <datafield tag="020" ind1=" " ind2=" ">
   <subfield code="a">0871209993 (coft cover : alk. paper)</subfield>
  </datafield>
  <datafield tag="035" ind1=" " ind2=" ">
   <subfield code="a">(iLib)UPD-00241006726</subfield>
  </datafield>
  <datafield tag="037" ind1=" " ind2=" ">
   <subfield code="a">Donated by Prof. Mynette dR. Aguilar</subfield>
  </datafield>
  <datafield tag="040" ind1=" " ind2=" ">
   <subfield code="a">DLC</subfield>
   <subfield code="d">DCHK</subfield>
   <subfield code="e">rda</subfield>
  </datafield>
  <datafield tag="041" ind1=" " ind2=" ">
   <subfield code="a">eng</subfield>
  </datafield>
  <datafield tag="090" ind1=" " ind2=" ">
   <subfield code="a">LB 2806.15</subfield>
   <subfield code="b">G48 2004</subfield>
  </datafield>
  <datafield tag="245" ind1="0" ind2="0">
   <subfield code="a">Getting results with curriculum mapping</subfield>
   <subfield code="c">edited by Heidi Hayes Jacobs.</subfield>
  </datafield>
  <datafield tag="264" ind1=" " ind2="1">
   <subfield code="a">Alexandria, VA</subfield>
   <subfield code="b">Association for Supervision and Curriculum Development</subfield>
   <subfield code="c">[2004]</subfield>
  </datafield>
  <datafield tag="300" ind1=" " ind2=" ">
   <subfield code="a">ix, 181 pages</subfield>
   <subfield code="b">illustrations</subfield>
   <subfield code="c">25 cm</subfield>
  </datafield>
  <datafield tag="336" ind1=" " ind2=" ">
   <subfield code="a">text</subfield>
   <subfield code="2">rdacontent</subfield>
  </datafield>
  <datafield tag="337" ind1=" " ind2=" ">
   <subfield code="a">unmediated</subfield>
   <subfield code="2">rdamedia</subfield>
  </datafield>
  <datafield tag="338" ind1=" " ind2=" ">
   <subfield code="a">volume</subfield>
   <subfield code="2">rdacarrier</subfield>
  </datafield>
  <datafield tag="504" ind1=" " ind2=" ">
   <subfield code="a">Includes bibliographical references (p. [172]-173) and index.</subfield>
  </datafield>
  <datafield tag="505" ind1="0" ind2=" ">
   <subfield code="t">Development of a prologue : setting the stage for curriculum mapping</subfield>
   <subfield code="r">Heidi Hayes Jacobs --</subfield>
   <subfield code="t">Use of curriculum mapping to build a learning community</subfield>
   <subfield code="r">Valerie Truesdale, Claire Thompson, and Michael Lucas --</subfield>
   <subfield code="t">Development of a consensus map : wrestling with curriculum consistency and flexibility</subfield>
   <subfield code="r">Heidi Hayes Jacobs --</subfield>
   <subfield code="t">Long-term journey that transformed a district</subfield>
   <subfield code="r">Ann Johnson and Jennie L. Johnson --</subfield>
   <subfield code="t">Curriculum mapping from an independent school's perspective</subfield>
   <subfield code="r">Stephen D. O'Neil --</subfield>
   <subfield code="t">Principal's role in the curriculum mapping process</subfield>
   <subfield code="r">Mary Ann Holt --</subfield>
   <subfield code="t">Curriculum mapping and software : creating an information system for a learning community</subfield>
   <subfield code="r">Bena Kallick and James M. Wilson III --</subfield>
   <subfield code="t">Curriculum mapping in alternative education settings</subfield>
   <subfield code="r">Joseph Lachowicz --</subfield>
   <subfield code="t">Creation of benchmarks on the building map : bilevel analysis of assessment data</subfield>
   <subfield code="r">Heidi Hayes Jacobs --</subfield>
   <subfield code="t">Curriculum mapping as a hub : integrating new forms of data, decision-making structures, and staff development</subfield>
   <subfield code="r">Heidi Hayes Jacobs.</subfield>
  </datafield>
  <datafield tag="650" ind1=" " ind2="0">
   <subfield code="a">Teacher participation in curriculum planning</subfield>
   <subfield code="z">United States.</subfield>
  </datafield>
  <datafield tag="700" ind1="1" ind2=" ">
   <subfield code="a">Jacobs, Heidi Hayes</subfield>
   <subfield code="e">editor.</subfield>
  </datafield>
  <datafield tag="710" ind1="2" ind2=" ">
   <subfield code="a">Association for Supervision and Curriculum Development.</subfield>
  </datafield>
  <datafield tag="856" ind1="4" ind2="1">
   <subfield code="3">Table of contents</subfield>
   <subfield code="u">http://www.loc.gov/catdir/toc/ecip0420/2004016184.html</subfield>
  </datafield>
  <datafield tag="905" ind1=" " ind2=" ">
   <subfield code="a">FO</subfield>
  </datafield>
  <datafield tag="852" ind1="0" ind2=" ">
   <subfield code="a">UPD</subfield>
   <subfield code="b">DCHK</subfield>
   <subfield code="h">LB 2806.15</subfield>
   <subfield code="i">G48 2004</subfield>
  </datafield>
  <datafield tag="852" ind1="0" ind2=" ">
   <subfield code="a">UPD</subfield>
   <subfield code="b">TMC</subfield>
   <subfield code="h">LB 2806.15</subfield>
   <subfield code="i">G48 2004</subfield>
  </datafield>
  <datafield tag="942" ind1=" " ind2=" ">
   <subfield code="a">Book</subfield>
  </datafield>
 </record>
</collection>
